Light scattering from dilute polymer solutions /
Guardado en:
| Otros Autores: | , |
|---|---|
| Formato: | Libro |
| Idioma: | English |
| Publicado: |
New York :
Gordon and Breach Science Publishers,
c1964.
|
| Series: | International science review series ;
v. 3. |
| Materias: | |
| Etiquetas: |
Agregar Etiqueta
Sin Etiquetas, Sea el primero en etiquetar este registro!
|
| LEADER | 00994cam a22002535a 4500 | ||
|---|---|---|---|
| 001 | EIQ.libpla002155 | ||
| 008 | 831116s1964####nyua#####b####000#0#eng#d | ||
| 005 | 20070425174509.0 | ||
| 245 | 0 | 0 | |a Light scattering from dilute polymer solutions / |c edited by D. McIntyre [and] F. Gornick. |
| 260 | |a New York : |b Gordon and Breach Science Publishers, |c c1964. | ||
| 300 | |a xiv, 318 p. : |b il. ; |c 24 cm. | ||
| 490 | 1 | |a International science review series ; |v v. 3 | |
| 504 | |a Incluye referencias bibliográficas. | ||
| 700 | 1 | |a McIntyre, D. |q (Donald), |d 1928-, |e ed. |4 edt | |
| 700 | 1 | |a Gornick, F. |q (Fred), |d 1929-, |e ed. |4 edt | |
| 830 | 0 | |a International science review series ; |v v. 3. | |
| 082 | 0 | 0 | |a 535.4 |
| 650 | 4 | |a Soluciones de polímeros |x Propiedades ópticas. | |
| 650 | 4 | |a Luz |x Dispersión. | |
| 650 | 0 | |a Polymer solutions |x Optical properties. | |
| 650 | 0 | |a Light |x Scattering. | |
| 010 | |a 64008382 | ||
| 040 | |a DLC/ICU |c ICU |d DLC |d AR-BbSID | ||
| 859 | |a AR-BbSID |b BIB. PLAPIQUI |h 660.294 |i L 627 |p 1069 | ||
